00713nam a2200241 a 4500001001300000003000900013005001700022008004100039020002400080082001300104100002000117245003900137260005000176300000900226500003500235650001700270650001600287700002000303902000800323942000700331952011600338999001700454nice12345678IN_TiNIC20260116014031.0100111s2009 cama grp 000 0 eng  a9780521608671c160000a301bWIS aWiseman, Broris aCombrige Companion to Levi-Strauss aCambridge bCambridge University Press c2009 a337p aincludes index and biblioraphy aAnthropology aLevi-Strass1 aWiseman, Broris bSRS cBK 001040708StackRoom-aHMIbHMId2010-01-11g1600.00l0o301 WISp023066r2010-01-11v1600.00w2010-01-11yBK c13589d13589